Global business strategy: a systems approach (Record no. 44616)

MARC details
000 -LEADER
fixed length control field 00704nam a2200193 a 4500
008 - FIXED-LENGTH DATA ELEMENTS--GENERAL INFORMATION
fixed length control field 120416s1990 ||||||||||||||||| || u
020 ## - INTERNATIONAL STANDARD BOOK NUMBER
International Standard Book Number 0538072326
050 ## - LIBRARY OF CONGRESS CALL NUMBER
Classification number HD 62.4 Kef
100 ## - MAIN ENTRY--PERSONAL NAME
Personal name Kefalas, Asterios G
245 10 - TITLE STATEMENT
Title Global business strategy: a systems approach
260 ## - PUBLICATION, DISTRIBUTION, ETC.
Place of publication, distribution, etc. Cincinnati, Ohio:
Name of publisher, distributor, etc. South-western Pub. Co
Date of publication, distribution, etc. 1990.
300 ## - PHYSICAL DESCRIPTION
Extent xi, 546p. : ill
350 ## - PRICE (NR) (BK AM CF MU VM SE) [OBSOLETE]
Price 0.00
500 ## - GENERAL NOTE
General note Bibliography.
650 #0 - SUBJECT ADDED ENTRY--TOPICAL TERM
Topical term or geographic name entry element BUSINESS
650 ## - SUBJECT ADDED ENTRY--TOPICAL TERM
Topical term or geographic name entry element SYSTEMS ANALYSIS
650 ## - SUBJECT ADDED ENTRY--TOPICAL TERM
Topical term or geographic name entry element INTERNATIONAL BUSINESS ENTERPRISES--MANAGEMENT
995 ## - RECOMMENDATION 995 [LOCAL, UNIMARC FRANCE]
-- 0.00
-- CBU-MAIN LIBRARY (Kitwe)
-- 1
-- 14.95
-- 1
-- AVAILABLE
-- Jul 6, 2006
-- Main Library Open Access Collection
Holdings
Withdrawn status Lost status Source of classification or shelving scheme Damaged status Not for loan Home library Current library Shelving location Date acquired Total Checkouts Full call number Barcode Date last seen Price effective from Koha item type
          CBU-MAIN LIBRARY, KITWE. CBU-MAIN LIBRARY, KITWE.   11/30/2022   HD 62.4 Kef 021557 11/30/2022 11/30/2022 MONOGRAPH